000 00499 a2200193 4500
005 20260412111248.0
008 260410b |||||||| |||| 00| 0 eng d
020 _a8176601918
_cRs. 780.00
040 _aMAIN
082 _a647.94068
_bR812H
100 _aRoy, Manas
245 _aHotel front office management
260 _bEverest Publishing House
_c2012
_aPune
300 _a376
650 _aHotel Management
650 _aOffice Management
650 _aHotel Front Office
942 _cBK
999 _c395634
_d395634